Las mejores rutas por el románico de Palencia / (Record no. 183344)

MARC details
000 -LEADER
campo de control de longitud fija 01003nam a2200253 i 4500
001 - NÚMERO DE CONTROL
campo de control 183344
003 - IDENTIFICADOR DE NÚMERO DE CONTROL
campo de control ES-MaACL
005 - FECHA Y HORA DE LA ÚLTIMA TRANSACCIÓN
campo de control 20251116063115.0
008 - DATOS DE LONGITUD FIJA--INFORMACIÓN GENERAL
campo de control de longitud fija 140327s2008 sp a | |||||||| | spa d
020 ## - NÚMERO INTERNACIONAL ESTÁNDAR DEL LIBRO
Número Internacional Estándar del Libro 978-84-8012-632-8
080 ## - NÚMERO DE LA CLASIFICACIÓN DECIMAL UNIVERSAL
Número de la Clasificación Decimal Universal 72.033.4(460.183)(036)
100 1# - ENTRADA PRINCIPAL--NOMBRE DE PERSONA
Nombre de persona Martín Jiménez, Carlos M.,
Fechas asociadas al nombre 1955-
9 (RLIN) 154465
245 13 - MENCIÓN DEL TÍTULO
Título Las mejores rutas por el románico de Palencia /
Mención de responsabilidad, etc. Carlos M. Martín Jiménez.
260 ## - PUBLICACIÓN, DISTRIBUCIÓN, ETC.
Lugar de publicación, distribución, etc. Trobajo del Camino, León :
Nombre del editor, distribuidor, etc. Edilesa,
Fecha de publicación, distribución, etc. [2008]
300 ## - DESCRIPCIÓN FÍSICA
Extensión 189 p. :
Otras características físicas il. col., mapas, planos ;
Dimensiones 24 cm.
490 1# - MENCIÓN DE SERIE
Mención de serie Andar y conocer. Serie Mayor
500 ## - NOTA GENERAL
Nota general Índice.
650 #4 - PUNTO DE ACCESO ADICIONAL DE MATERIA--TÉRMINO DE MATERIA
Término de materia o nombre geográfico como elemento de entrada Arquitectura románica-
Subdivisión geográfica Palencia (Provincia)-
Subdivisión de forma Guías turísticas.
9 (RLIN) 154627
830 0# - PUNTO DE ACCESO ADICIONAL DE SERIE-TÍTULO UNIFORME
Título uniforme Andar y conocer. Serie Mayor
9 (RLIN) 224973
852 ## - LOCALIZACIÓN
Ubicación ES-MaACL
Número de control de estantería A-13084
itemnumber 190283
Sublocalización o colección R.149906
Ubicación en estantería Depósito 1
Signatura antigua Olim: N-6084
Donativo/Legado Donación: Diputación de Palencia
914 ## - NOMBRE ENTIDAD DE DONANTE
RLIN 6107
Nombre de congreso/reunión o jurisdicción como elemento de entrada Palencia (Provincia).
Unidad subordinada Donante
942 ## - ELEMENTOS DE ENTRADA SECUNDARIOS (KOHA)
Fuente del sistema de clasificación o colocación Clasificación decimal universal
Tipo de ítem Koha Libro impreso
Holdings
Estatus retirado Estado de pérdida Fuente del sistema de clasificación o colocación Estado de daño No para préstamo Biblioteca de origen Biblioteca actual Ubicación en estantería Fecha de adquisición Fuente de adquisición Total de préstamos Signatura topográfica completa Código de barras Visto por última vez Precio de reemplazo Tipo de ítem Koha
    Clasificación decimal universal     Biblioteca del Ateneo de Madrid Biblioteca del Ateneo de Madrid Depósito 1 27/03/2014 Donación   A-13084 1192710 23/02/2023 23/02/2023 Libro impreso